000 01497nam a2200301Ia 4500
008 130821s2011 xxua gs eng
040 _aCO-BoUCM
_cAngélica Rojas
_dAldemar Mondragón
_bspa
041 0 0 _aeng
245 0 4 _aThe animal
_c[DVD]
246 1 3 _aEstoy hecho un animal
260 _aWashington
_bRevolution Studios
_c2001
300 _a1 DVD 84 minutos
_bsonido, color
500 _aAudio en Inglés. Subtítulos en Frances e Inglés
500 _aEdición especial
508 _aCREDITOS : Jeff Gourson, Peck Prior, dirección ; Tom Brady, historia y guion ; Alan Au, productor
511 _aRob Schneider, Colleen Haskell, John C. McGinley
520 _aUn policía tiene un accidente de tráfico. Cuando despierta una semana después descubre que un científico ha utilizado órganos de animales para reconstruir su cuerpo destrozado. Con esta mentalidad Marvin se convierte en un héroe hasta que sus instintos animales se apoderan de él en los momentos más inoportunos
650 7 _aAnimales en el cine
_vDVD
_936906
650 7 _aHumor en el cine
_vDVD
_936905
650 7 _aPelílculas cinematográficas
_vDVD
_936904
690 _aEntretenimiento
700 1 _aGourson, Jeff
_edirector
_936885
700 1 _aPrior, Peck
_edirector
_936886
700 1 _aSchneider, Rob
_936887
856 0 4 _uhttp://www.youtube.com/watch?v=pBwcksgKcFs
_zSiga este vínculo para ver el trailer.
942 _cMULTIMEDIA
_2LOCAL
_a27
_e1
_hDVD 1253
942 _cMULTIMEDIA
_2LOCAL
_e1
999 _c74777
_d74777